000 00511nam a2200169Ia 4500
008 260520s2022 xx 000 0 und d
020 _a9788184831313
041 _amar
082 _a346.0134/ROD
100 _aरोडे, पुष्पा
245 _aमहिलांसाठी आधार कायद्याचा
250 _a1st ed
260 _aपुणे
_bडायमंड पब्लिकेशन्स
_c2022
300 _a83p.
500 _aCat No: 15223
650 _aLAW
999 _c1222235
_d1222235